The American Republic

Saved in:
Bibliographic Details
Main Author: Richard Hofstadter
Format: Book
Language:Undetermined
Published: New Jersey Prentice-Hall 1965
Subjects:
Tags: Add Tag
No Tags, Be the first to tag this record!
Institutions: Trung tâm Học liệu Trường Đại học Cần Thơ
LEADER 00491nam a2200169Ia 4500
001 CTU_11083
008 210402s9999 xx 000 0 und d
082 |a 970.01 
082 |b H697/T1 
100 |a Richard Hofstadter 
245 4 |a The American Republic 
245 0 |c Richard Hofstadter, Daniel Aaron, William Miller 
260 |a New Jersey 
260 |b Prentice-Hall 
260 |c 1965 
650 |a america - history - to 1865 
980 |a Trung tâm Học liệu Trường Đại học Cần Thơ